Personnages de Professeur Layton par images - Statistiques

Statistiques générales
  • Ce quiz a été pris 47 fois
  • Le résultat moyen est 11 sur 16
Statistiques - réponses
Par images Réponse % Correct
Hershel Layton
100%
Luke Triton
97%
Emmy Altava
92%
Flora Reinhold
85%
Katrielle Layton
85%
Don Paolo
79%
Jean Descole
79%
Chelmey
72%
Clamp Grosky
64%
Randall Ascott
59%
Gaïa
56%
Leon Bronev
56%
Barton
54%
Leonard Bloom
41%
Sherl
38%
Ernest Greeves
8%
Aucun quiz correspondant
Distribution des résultats
% des personnes avec chaque résultat
Percentile par nombre de réponses
Votre historique - résultats
Vous n’avez pas pris ce quiz